000 00519nam a2200193Ia 4500
003 GCL
008 140319s9999 xx 000 0 ara d
040 _aGCL /
_cGCL
082 0 4 _a631.7
_bع ط
100 1 _aعلى الدجوى
245 1 0 _aطرق الرى الحديثة والصرف المغطى /
_cعلى الدجوى
300 _a472 ص
490 _a
650 0 4 _aهندسة الرى
650 0 4 _aالرى
650 0 4 _aالصرف الزراعى
650 0 4 _aصرف الاراضى
942 _2ddc
_cBK
999 _c52278
_d52278